000 00679nam a2200289Ia 4500
005 20260324120837.0
008 008 260324s9999 xx 000 0 eng d
020 _a9780429476471
037 _aEBOOK
040 _aCRL
040 _beng
040 _cCRL
041 _2eng
041 _aeng
084 _qCRL
100 _aColette Soler
_91160192
245 0 _aLacan - The Unconscious Reinvented
245 4 _bThe Unconscious Reinvented
260 _bTaylor and Francis
260 _c2014
365 _a
365 _b205
856 _uhttp://www.taylorfrancis.com/books/9780429476471
942 _cEBOOK
999 _c1751925
_d1751925